| 000 | 00762nam a22001817a 4500 | ||
|---|---|---|---|
| 999 |
_c371676 _d371676 |
||
| 008 | 201127b ||||| |||| 00| 0 eng d | ||
| 040 |
_aDE-2950 _bger _cDE-2950 _erda |
||
| 041 | _ager | ||
| 245 |
_aNeue Zuständigkeiten für Geflüchtete. _bKrieg: Seit Anfang Juni zahlt das Jobcenter Frankfurt Leistungen an Ukraine-Geflüchtete aus. Dabei sind sie bezüglich Regelsatz, Kindergeld und Elterngeld gleich gestellt / _cJacqueline Westermann |
||
| 264 | _c2022 | ||
| 653 | _aFrankfurt (Oder) | ||
| 653 | _aJobcenter | ||
| 773 |
_dFrankfurt (Oder) Märkisches Verlags- und Druckhaus GmbH & Co KG _tMärkische Oderzeitung _g33. Jahrgang (2022) Nr. 130 vom 07.06.2022, S. 14 |
||
| 942 | _cA | ||